Normal view
MARC view
- بلص، هاشم احمد
Entry Personal Name
001 - CONTROL NUMBER
- control field: 66044
003 - CONTROL NUMBER IDENTIFIER
- control field: JO-AjAnu
005 - DATE AND TIME OF LATEST TRANSACTION
- control field: 20240708090908.0
008 - FIXED-LENGTH DATA ELEMENTS
- fixed length control field: 240708|| aca||aabn | a|a d
040 ## - CATALOGING SOURCE
- Original cataloging agency: JO-AjAnu
100 ## - HEADING--PERSONAL NAME
- Personal name: بلص، هاشم احمد
- Relator term: مشرف